Informačný list časopis pre rýchle informácie pracovníkov národného podniku Bukóza vo Vranove nad Topľou

Bibliographic Details
Format: Serial
Language:Slovak
PhysicalDescription:13 zv. 30 cm
Published: Vranov nad Topľou Bukóza [1975]-[1990]
Subjects:

MARC

LEADER 00000cas a2200000 a 4500
001 vtls001286887
003 SK-MaSNL
005 20260228163713.0
008 970514d19751990xo 0 slo
035 |a SNK000238442 
040 |a SNK  |b slo  |c SNK  |e AACR2 
041 0 |a slo 
043 |a e-xo--- 
044 |a xo  |c SK 
072 7 |a 674  |x Drevo. Drevársky priemysel  |2 konspekt 
072 7 |a 676  |x Papierenský priemysel  |2 konspekt 
080 |a 050  |2 2001 
080 |a 674.02  |2 2011 
080 |a 001.102  |2 2001 
080 |a (085.3)  |2 2011 
080 |a 676.1  |2 2001 
245 0 0 |a Informačný list  |b časopis pre rýchle informácie pracovníkov národného podniku Bukóza vo Vranove nad Topľou 
260 |a Vranov nad Topľou  |b Bukóza  |c [1975]-[1990] 
300 |a 13 zv.  |c 30 cm 
310 |a Nepravidelne 
362 0 |a [1975]-[1990] 
500 |a Popis podľa: Roč. 2, č. 6-7 (1976) 
500 |a Časopis písaný strojopisom 
515 |a Niektoré čísla vychádzajú ako dvojčíslo 
610 2 7 |a Bukóza (Vranov nad Topľou, Slovensko)  |2 SNKKA  |9 274555 
650 0 7 |a spracovanie dreva  |2 SNKPH  |9 3561 
650 0 7 |a informácie  |2 SNKPH  |9 1285 
650 0 7 |a celulóza  |2 SNKPH  |9 16027 
655 7 |a podnikové periodiká  |2 SNKPH  |9 132333 
910 |a snk 
958 |a OND 
999 |c 10422  |d 12352 
952 |0 0  |1 0  |4 0  |7 0  |a SNK  |b SNK  |d 1997-05-14  |i snkČSP 1800/84  |l 0  |o snkČSB 3479/3/1977  |p 17A0067259  |r 2005-01-02 00:00:00  |t č. 8  |w 2026-02-21  |y PREZ 
952 |0 0  |1 0  |4 0  |7 0  |a SNK  |b SNK  |d 1997-05-14  |i snkČSP 1799/84  |l 0  |o snkČSB 3479/2/1976  |p 17A0067258  |r 2005-01-02 00:00:00  |t č. 6-7  |w 2026-02-21  |y PREZ 
952 |0 0  |1 0  |4 0  |7 0  |a SNK  |b SNK  |d 1997-05-14  |i snkČSP 1801/84  |l 0  |o snkČSB 3479/5/1979  |p 17A0067260  |r 2005-01-02 00:00:00  |t č. 10  |w 2026-02-21  |y PREZ 
952 |0 0  |1 0  |4 0  |7 0  |8 5  |a SNK  |b SNK  |d 2016-08-18  |i snk2016/19599  |l 0  |o snkČSB 3479/15/1989  |p 17A1202272  |r 2026-02-21 22:03:09  |t č. 22  |w 2026-02-21  |y PREZ 
952 |0 0  |1 0  |4 0  |7 0  |a SNK  |b SNK  |d 2016-08-18  |i snkČSP 1802/84  |l 0  |o snkČSB 3479/8/1982  |p 17A1016370  |r 2026-02-21 22:03:09  |t č. 11-12  |w 2026-02-21  |y PREZ 
952 |0 0  |1 0  |4 0  |7 0  |a SNK  |b SNK  |d 2016-08-18  |i snkČSP 1803/84  |l 0  |o snkČSB 3479/9/1983  |p 17A1016383  |r 2026-02-21 22:03:09  |t č. 13  |w 2026-02-21  |y PREZ 
952 |0 0  |1 0  |4 0  |7 0  |a SNK  |b SNK  |d 2016-08-18  |i snkČSP 1662/85  |l 0  |o snkČSB 3479/10/1984  |p 17A1016371  |r 2026-02-21 22:03:09  |t č. 14  |w 2026-02-21  |y PREZ 
952 |0 0  |1 0  |4 0  |7 0  |a SNK  |b SNK  |d 2016-08-18  |i snkČSP 3453/87  |l 0  |o snkČSB 3479/11/1985  |p 17A1016372  |r 2026-02-21 22:03:09  |t č. 15-16  |w 2026-02-21  |y PREZ 
952 |0 0  |1 0  |4 0  |7 0  |a SNK  |b SNK  |d 2016-08-18  |i snkČSP 3454/87  |l 0  |o snkČSB 3479/12/1986  |p 17A1016373  |r 2026-02-21 22:03:10  |t č. 17  |w 2026-02-21  |y PREZ 
952 |0 0  |1 0  |4 0  |7 0  |a SNK  |b SNK  |d 2016-08-18  |i snkČSP 5233/88  |l 0  |o snkČSB 3479/13/1987  |p 17A1016374  |r 2026-02-21 22:03:10  |t č. 18-19  |w 2026-02-21  |y PREZ 
952 |0 0  |1 0  |4 0  |7 0  |a SNK  |b SNK  |d 2016-08-18  |i snkČSP 3083/90  |l 0  |o snkČSB 3479/14/1983  |p 17A1016375  |r 2026-02-21 22:03:10  |t č. 20-21  |w 2026-02-21  |y PREZ